Čo robiť, aby sa nám žilo lepšie

Voľné pokračovanie októbrového článku o iniciatívnom dokumente Národná stratégia trvalo udržateľného rozvoja v SR. Rozbor a komentár k tretej kapitole dokumentu s názvom Stratégia trvalo udržateľného života. Hlavné strategické ciele trvalo udržateľného rozvoja v kultúrnej, sociálnej, ekonomickej a e...

Ausführliche Beschreibung

Gespeichert in:
Bibliographische Detailangaben
1. Verfasser: Janek, Miroslav
Format: Buchkapitel
Sprache:Slowakisch
Schlagworte:
Tags: Tag hinzufügen
Keine Tags, Fügen Sie das erste Tag hinzu!

MARC

LEADER 00000naa a2200000 4500
001 r040105
005 20230606075000.8
041 0 |a slo 
044 |a SK 
245 1 0 |a Čo robiť, aby sa nám žilo lepšie  |c Miroslav Janek 
520 |a Voľné pokračovanie októbrového článku o iniciatívnom dokumente Národná stratégia trvalo udržateľného rozvoja v SR. Rozbor a komentár k tretej kapitole dokumentu s názvom Stratégia trvalo udržateľného života. Hlavné strategické ciele trvalo udržateľného rozvoja v kultúrnej, sociálnej, ekonomickej a ekologickej oblasti. Medzinárodné aspekty a väzby. 
610 2 0 |a rozvoj trvalo udržateľný 
610 2 0 |a Slovensko 
610 2 0 |a koncepcie 
610 2 0 |a ekológia 
610 2 0 |a integrácia ekonomická medzinárodná 
610 2 0 |a analýzy 
610 2 0 |a knihy 
610 2 0 |a komentáre 
610 2 0 |a dokumenty 
100 1 |a Janek, Miroslav